| 000 | 00593nam a22002057a 4500 | ||
|---|---|---|---|
| 003 | OSt | ||
| 008 | 260430b |||||||| |||| 00| 0 eng d | ||
| 082 |
_a634.44 _bA25R |
||
| 100 | _aAhmad, Shakil. | ||
| 245 |
_aResponse of NAA, 2,4,-D, Zinc and Boron on Bearing of Mango (Mangifera indica L.) cv. Amrapali / _cby Shakil Ahmad |
||
| 260 |
_a.- Sabour, Bhagalpur _b: Bihar Agricultural College, RAU _c, 1999 |
||
| 300 | _a109p. | ||
| 502 |
_bPh. D. _d1999 |
||
| 650 | _aHorticulture | ||
| 650 | _aMangoes | ||
| 650 | _aAmrapali | ||
| 650 | _aThesis | ||
| 650 | _aPh. D. | ||
| 942 |
_2ddc _cT |
||
| 999 |
_c50335 _d50335 |
||